<?xml version="1.0" encoding="UTF-8"?>
<marc:record xmlns:marc="http://www.loc.gov/MARC21/slim">
   <marc:leader>00000nam a2200000 a 4500</marc:leader>
   <marc:datafield ind1="1" ind2=" " tag="100">
      <marc:subfield code="a">Schöllauf, Carina</marc:subfield>
      <marc:subfield code="4">aut</marc:subfield>
      <marc:subfield code="e">Verfasser/-in</marc:subfield>
   </marc:datafield>
   <marc:datafield ind1=" " ind2=" " tag="653">
      <marc:subfield code="a">Unterricht</marc:subfield>
   </marc:datafield>
   <marc:datafield ind1=" " ind2=" " tag="653">
      <marc:subfield code="a">Rechnungswesen</marc:subfield>
   </marc:datafield>
   <marc:datafield ind1=" " ind2=" " tag="653">
      <marc:subfield code="a">Masterarbeit</marc:subfield>
   </marc:datafield>
   <marc:datafield ind1="0" ind2="0" tag="245">
      <marc:subfield code="a">Fachdidaktisches Wissen von Lehrkräften im Rechnungswesen</marc:subfield>
   </marc:datafield>
   <marc:datafield ind1="0" ind2="0" tag="245">
      <marc:subfield code="b">ein Literaturreview</marc:subfield>
   </marc:datafield>
   <marc:datafield ind1="0" ind2="0" tag="245">
      <marc:subfield code="c">Carina Schöllauf, BSc MSc</marc:subfield>
   </marc:datafield>
   <marc:datafield ind1=" " ind2="1" tag="264">
      <marc:subfield code="a">Graz</marc:subfield>
      <marc:subfield code="b">Eigen</marc:subfield>
      <marc:subfield code="c">2018</marc:subfield>
   </marc:datafield>
   <marc:datafield ind1="1" ind2=" " tag="520">
      <marc:subfield code="a">Angeregt durch empirische Befunde, die die Bedeutung des fachdidaktischen Wissens für hohe Unterrichtsqualität und Lernfortschritte von Schülerinnen und Schülern in allgemeinbildenden Domänen belegen und vor dem Hintergrund, dass das Rechnungswesen als ein zentrales Element bei der Entwicklung eines ökonomischen Verständnisses von Schülerinnen und Schülern eine besonders relevante Rolle einnimmt, befasst sich die vorliegende Arbeit mit dem aktuellen Stand der Forschung zum fachdidaktischen Wissen von Lehrkräften im Rechnungswesen. Das fachdidaktische Wissen (pedagogical content knowledge, PCK) ist ein Teilbereich des Professionswissens und unterscheidet sich durch den Bezug zum Fach vom pädagogischen Wissen sowie durch den Unterrichts- bzw. Lernendenbezug vom fachlichen Wissen. Ausgehend vom Modell professioneller Handlungskompetenz von Baumert/Kunter (2006) wird in dieser Masterarbeit zunächst das professionelle Wissen von Lehrkräften theoretisch fundiert. Mithilfe der Methode des systematischen Literaturreviews wurden anschließend auf Basis der gewählten kriteriengeleiteten Suchstrategie 24 Artikel zum fachdidaktischen Wissen von Lehrkräften für die Beantwortung der Forschungsfrage als relevant identifiziert und basierend auf den theoretischen Grundlagen analysiert und diskutiert. Näher vorgestellt wurden beispielsweise empirische Studien zur Entwicklung und Förderung von PCK im Rahmen der wissenschaftlichen Berufsvorbildung, zur Bedeutsamkeit von PCK für Unterrichtsqualität sowie zur Erklärungsfähigkeit von Lehrenden. Die Ergebnisse des Literaturreviews zeigen, dass die Forschung in diesem Bereich  trotz vermehrter Beachtung der Thematik in den letzten Jahren  noch am Anfang steht und dementsprechend Bemühungen zur Erforschung des fachdidaktischen Wissens, beispielsweise durch die Förderung internationaler, wirtschaftspädagogischer Projekte im Rechnungswesen, weiter vorangetrieben werden sollte.</marc:subfield>
   </marc:datafield>
   <marc:datafield ind1=" " ind2=" " tag="500">
      <marc:subfield code="a">Abweichender Titel laut Übersetzung des Verfassers/der Verfasserin</marc:subfield>
   </marc:datafield>
   <marc:datafield ind1=" " ind2=" " tag="300">
      <marc:subfield code="e">Zusammenfassungen (2 Blätter)</marc:subfield>
   </marc:datafield>
   <marc:datafield ind1=" " ind2=" " tag="300">
      <marc:subfield code="a">S. 117 Blätter</marc:subfield>
   </marc:datafield>
</marc:record>
